banner-ar

الاعجاز البيانى فى صيغ الالفاظ دراسة تحليلية للافراد والجمع فى القران / (Record no. 37675)

MARC details
000 -الفاتح
حقل البيانات ثابتة الطول 00694nam a2200205Ia 4500
008 - عناصر البيانات ثابتة الطول - معلومات عامة
حقل البيانات ثابتة الطول 140319s9999 xx 000 0 ara d
040 ## - مصدر الفهرسة
وكالة الفهرسة الأصلية GCL /
وكالة النسخ GCL
082 04 - رقم تصنيف ديوى العشرى
رقم التصنيف 414.3
رقم المادة م ا
100 1# - المدخل الرئيسى - إسم شخصى
الإسم الشخصى محمد الامين الخضرى
245 10 - بيان العنوان
العنوان الاعجاز البيانى فى صيغ الالفاظ دراسة تحليلية للافراد والجمع فى القران /
بيان المسئوليه,etc محمد الامين الخضرى
300 ## - الوصف المادى
التعداد 255 ص
490 ## - بيان السلسلة
عنوان السلسلة
650 04 - المدخل الاضافى بالموضوع-مصطلح موضوعى
مصطلح موضوعي اللغة العربية
650 04 - المدخل الاضافى بالموضوع-مصطلح موضوعى
مصطلح موضوعي البلاغة العربية
650 04 - المدخل الاضافى بالموضوع-مصطلح موضوعى
مصطلح موضوعي القران - بلاغة
650 04 - المدخل الاضافى بالموضوع-مصطلح موضوعى
مصطلح موضوعي القران - اعجاز
650 04 - المدخل الاضافى بالموضوع-مصطلح موضوعى
مصطلح موضوعي القران - الفاظ
942 ## - عناصر المدخل الإضافي( كوها)
مصدر التصنيف او مخطط الترفيف Dewey Decimal Classification
Koha [default] item type كتاب
Holdings
حالة التراجع حالة الفقد حالة تلف ليس للاعارة المكان المؤقت الموقع الحالى تاريخ الاكتساب اجمالي اﻻعارات رقم الطلب الباركود تاريخ اخر مشاهدة تاريخ تفعيل السعر نوع وعاء كوها
        مكتبة القاهرة الكبرى مكتبة القاهرة الكبرى 03/26/2014   414.3\م ا 92000 03/26/2014 03/26/2014 كتاب
        مكتبة القاهرة الكبرى مكتبة القاهرة الكبرى 03/26/2014   414.3\م ا 92001 03/26/2014 03/26/2014 كتاب

Powered By

EGPV